00898nam a2200193 i 450000100060000000300090000600500170001500700030003200800410003524501520007626001250022830000390035370000290039271000430042171000710046485200310053599900170056695201210058379746ES-MaACL20230906174037.0t|041022s1951 sp ||||1| spa d03aUn héroe dominico montañés en Filipinas / cdocumentos inéditos del siglo XVII, preparados, con introducción y notas por Honorio Muñoz. aSantander : bConsejo Superior de Investigaciones Científicas, Centro de Estudios Montañeses : bCantabria, c[1951] aXVIII, 132 p., 4 lám. ; c22 cm.1 aMuñoz, Honorio.9843122 aCentro de Estudios Montañeses.926592 aConsejo Superior de Investigaciones Científicas (España)93236 aES-MaACLjD-8069 bR.31651 c79746d79746 00104070aATENEOMbATENEOMcSVId2008-01-17eSCl0oD-8069p901083386r2023-02-23 00:00:00w2023-02-23yMONOGRAFIA